000 00340nab a22001097u 4500
008 130520b1986 xxu||||| |||| 00| 0 spa d
041 _aspa
100 1 _aHsien-Chih, W.
_967367
245 0 0 _aCooperación entre cristianos y el pueblo de Taiwán
_cW. Hsien-Chih
773 0 _tConcilium
_gV.1,1986,págs.117-122
_x0210-1041
_wRev134
942 _cAR
999 _c355193
_d355193